000 00415nam a22001697a 4500
005 20231025163129.0
008 231025b ||||| |||| 00| 0 eng d
040 _cAL
041 _aeng
082 _223
_a658
_bLAXM
100 _aLaxman R K
_9139383
245 _aManagement of Management
260 _bVision Books
_c1988
650 _aManagement
_9139384
700 _aLAXMAN (R K)
_9139385
942 _2ddc
_cBK
999 _c229019
_d229019